Entry Nombre personal
001 - NÚMERO DE CONTROL
- campo de control: 239364
003 - IDENTIFICADOR DE NÚMERO DE CONTROL
- campo de control: SpMaBN
005 - FECHA Y HORA DE LA ÚLTIMA TRANSACCIÓN
- campo de control: 20241213104924.0
008 - ELEMENTOS DE DATO DE LONGITUD-FIJA
- campo de control de longitud fija: 820101nn aijnnaabn a aaa
016 ## - NÚMERO DE CONTROL DE UNA AGENCIA BIBLIOGRÁFICA NACIONAL
- Número de control del registro: BNE19941888599
024 7# - IDENTIFICADOR DE OTROS ESTÁNDARES
- Número estándar o código: http://viaf.org/viaf/202992/
- Fuente: viaf
024 7# - IDENTIFICADOR DE OTROS ESTÁNDARES
- Número estándar o código: https://isni.org/isni/0000000080796088
- Fuente: isni
040 ## - FUENTE DE CATALOGACIÓN
- Centro catalogador/agencia de origen: SpMaBN
- Lengua de catalogación: spa
- Centro/agencia transcriptor: SpMaBN
- Normas de descripción: rdc
- Convención/Normas de encabezamiento de materia/tesauro: embne
046 ## - FECHAS CON CODIFICACIÓN ESPECIAL
- Fecha de nacimiento: 1906
- Fecha de la muerte: 1971
100 1# - ENCABEZAMIENTO-NOMBRE DE PERSONA
- Nombre de persona: Gombau, Gerardo,
- Fechas asociadas al nombre: 1906-1971
375 ## - GÉNERO/SEXO
- Género: Masculino
377 ## - IDIOMA ASOCIADO
- Código del idioma: spa
- Término de lengua/lenguaje: Español
400 1# - TRAZADO DE VÉASE--NOMBRE DE PERSONA
- Nombre de persona: Gombau Guerra, Gerardo,
- Fechas asociadas al nombre: 1906-1971
670 ## - FUENTE DE DATOS ENCONTRADOS
- Cita de la fuente: Dic. de la música española e hispanoamericana, SGAE, 1999;
- Información encontrada: (Gombau Guerra, Gerardo; n. Salamanca 1906, m. Madrid 1971; compositor y profesor)
670 ## - FUENTE DE DATOS ENCONTRADOS
- Cita de la fuente: WWW Bn España aut., 13-12-2024;
- Información encontrada: (Gombau, Gerardo, 1906-1971)
954 ## - CATALOGADOR -ALTA REGISTRO
- Nombre del catalogador: Inmaculada Vicente Garcia
